VLSI design techniques for analog and digital circuits (Record no. 11079)

000 -LEADER
fixed length control field 00545 a2200169 4500
020 ## - INTERNATIONAL STANDARD BOOK NUMBER
International Standard Book Number 9780070702486
082 ## - DEWEY DECIMAL CLASSIFICATION NUMBER
Classification number 621.38173
090 ## - LOCALLY ASSIGNED LC-TYPE CALL NUMBER (OCLC); LOCAL CALL NUMBER (RLIN)
-- 7276
-- 7276
100 ## - MAIN ENTRY--PERSONAL NAME
Personal name Geiger, Randall L
245 ## - TITLE STATEMENT
Title VLSI design techniques for analog and digital circuits
Statement of responsibility, etc. Randall L. Geiger
260 ## - PUBLICATION, DISTRIBUTION, ETC.
Place of publication, distribution, etc. New Delhi:
Name of publisher, distributor, etc. Tata McGraw Hill;
Date of publication, distribution, etc. 1990.
300 ## - PHYSICAL DESCRIPTION
Extent xv, 969p.:
Other physical details ill.;
Dimensions 24cm.
650 ## - SUBJECT ADDED ENTRY--TOPICAL TERM
Topical term or geographic name entry element Integrated circuits- very large scale integration-design and construction
700 ## - ADDED ENTRY--PERSONAL NAME
Personal name Allen, Phillip E.
700 ## - ADDED ENTRY--PERSONAL NAME
Personal name Strader, Noel R.
942 ## - ADDED ENTRY ELEMENTS (KOHA)
Koha item type Book
Call number prefix 621.38173 GEI
Holdings
Withdrawn status Lost status Damaged status Not for loan Collection code Permanent Location Current Location Shelving location Date acquired Source of acquisition Cost, normal purchase price Total Checkouts Full call number Barcode Date last seen Price effective from Koha item type
          Central Library (CL) Central Library (CL) General Stacks 08/30/2012 Allied Book Company 933.47   621.38173 GEI SEECS011514 09/18/2022 01/05/2017 Book
© 2023 Central Library, National University of Sciences and Technology. All Rights Reserved.